Panorama Anual del Observatorio Laboral Mexicano. (Registro nro. 437102)
[ vista simple ]
| 000 -LÍDER | |
|---|---|
| Campo fijo de descripción fija | 00770nmm a22002057a 4500 |
| 003 - IDENTIFICADOR DEL NÚMERO DE CONTROL | |
| Campo de control | BCEG |
| 005 - FECHA Y HORA DE LA ULTIMA TRANSACCIÓN | |
| control field | 20260320170617.0 |
| 006 - ELEMENTOS DE LONGITUD FIJA - CARACTERÍSTICAS DE MATERIALES ADICIONALES - INFORMACIÓN GENERAL | |
| Campo fijo de descripción fija -- Información general | a||||||||d||00| 0 |
| 008 - ELEMENTOS DE LONGITUD FIJA -- INFORMACIÓN GENERAL | |
| Campo fijo de descripción fija -- Información general | 260317k20052007mx|||||| |||| 00| 0 spa d |
| 040 ## - FUENTE DE CATALOGACIÓN | |
| Agencia de catalogación original | BCEG |
| Idioma de catalogación | spa |
| Agencia que realiza la transcripción | BCEG |
| 084 ## - CLASIFICACIÓN LOCAL | |
| Clasificación local | CDE413 |
| 245 00 - TÍTULO PROPIAMENTE DICHO | |
| Título | Panorama Anual del Observatorio Laboral Mexicano. |
| Designación General del Material | [CD]. |
| 260 ## - PUBLICACIÓN, DISTRIBUCIÓN, ETC. (PIE DE IMPRENTA) | |
| Lugar de publicación, distribución, etc. | México : |
| Nombre del editor, distribuidor, etc. | Secretaría de Trabajo y Previsión Social, |
| 300 ## - DESCRIPCIÓN FÍSICA | |
| Extensión | 2 cd's |
| 505 2# - NOTA DE CONTENIDO | |
| Información miscelánea | CD 1. |
| Título | Panorama Anual del Observatorio Laboral 2005-2006 -- |
| Información miscelánea | CD 2. |
| Título | Panorama Anual del Observatorio Laboral 2006-2007. |
| 650 14 - ASIENTO SECUNDARIO DE MATERIA - TERMINO TEMÁTICO | |
| Término temático o nombre geográfico como elemento de entrada | Trabajo y trabajadores |
| Subdivisión geográfica | México |
| Subdivisión de forma | Materiales electrónicos. |
| 650 14 - ASIENTO SECUNDARIO DE MATERIA - TERMINO TEMÁTICO | |
| Término temático o nombre geográfico como elemento de entrada | Profesiones |
| Subdivisión geográfica | México |
| Subdivisión de forma | Materiales electrónicos. |
| 650 14 - ASIENTO SECUNDARIO DE MATERIA - TERMINO TEMÁTICO | |
| Término temático o nombre geográfico como elemento de entrada | Mercado laboral |
| Subdivisión geográfica | México |
| Subdivisión de forma | Materiales electrónicos. |
| 942 ## - TIPO DE MATERIAL (KOHA) | |
| Tipo de Item KOHA | CD |
| No para Préstamo | Colección | Biblioteca de Origen | Biblioteca Permanente | Fecha de Adquisición | Total de Préstamos | Signatura Topográfica | Código de Barras | Última vez visto | Ejemplar | Tipo de Material |
|---|---|---|---|---|---|---|---|---|---|---|
| Material en Reserva | Audiovisual | Biblioteca Central Estatal de Guanajuato, "Wigberto Jiménez Moreno" | Biblioteca Central Estatal de Guanajuato, "Wigberto Jiménez Moreno" | 17/03/2026 | CDE413 | BCEG8655135299 | 17/03/2026 | CD 1 | CD | |
| Material en Reserva | Audiovisual | Biblioteca Central Estatal de Guanajuato, "Wigberto Jiménez Moreno" | Biblioteca Central Estatal de Guanajuato, "Wigberto Jiménez Moreno" | 17/03/2026 | CDE413 | BCEG8655135300 | 17/03/2026 | CD 1 ej. 2 | CD | |
| Material en Reserva | Audiovisual | Biblioteca Central Estatal de Guanajuato, "Wigberto Jiménez Moreno" | Biblioteca Central Estatal de Guanajuato, "Wigberto Jiménez Moreno" | 17/03/2026 | CDE413 | BCEG8655135301 | 17/03/2026 | CD 2 | CD | |
| Material en Reserva | Audiovisual | Biblioteca Central Estatal de Guanajuato, "Wigberto Jiménez Moreno" | Biblioteca Central Estatal de Guanajuato, "Wigberto Jiménez Moreno" | 17/03/2026 | CDE413 | BCEG8655135302 | 17/03/2026 | CD 2 ej. 2 | CD | |
| Material en Reserva | Audiovisual | Biblioteca Central Estatal de Guanajuato, "Wigberto Jiménez Moreno" | Biblioteca Central Estatal de Guanajuato, "Wigberto Jiménez Moreno" | 17/03/2026 | CDE413 | BCEG8655135303 | 17/03/2026 | CD 2 ej. 3 | CD |